[Event "39. Torneo La Roda"]
[Site "La Roda ESP"]
[Date "2012.04.07"]
[Round "7.19"]
[White "Iruzubieta Villaluenga, Jesus M"]
[Black "Madina Yadarola, Martin"]
[Result "1-0"]
[WhiteElo "2391"]
[BlackElo "2230"]
[PlyCount "71"]
[EventDate "2012.04.04"]
[EventType "swiss"]
[EventRounds "9"]
[EventCountry "ESP"]
[Source "lmi"]
[SourceDate "2012.04.04"]

1. Nf3 Nf6 2. c4 e6 3. Nc3 d5 4. d4 Be7 5. Bg5 O-O 6. Qc2 c5 7. dxc5 Qa5 8.
cxd5 exd5 9. e3 Nc6 10. Be2 Qxc5 11. Rd1 Rd8 12. Nd4 Nxd4 13. Rxd4 Be6 14. O-O
h6 15. Bh4 g5 16. Bg3 Ne4 17. Be5 Rac8 18. Qb1 Nxc3 19. bxc3 Qb6 20. Qxb6 axb6
21. Rd2 Ra8 22. Rb1 Bc5 23. g4 Ra4 24. h3 Rda8 25. Rbb2 Bd7 26. Bd1 R4a6 27.
Bf3 Bc6 28. Bxd5 Bxd5 29. Rxd5 f6 30. Bxf6 Rxa2 31. Rxa2 Rxa2 32. Rd7 Ra7 33.
Rg7+ Kf8 34. Rh7 Ra1+ 35. Kg2 Ra2 36. Kf3 1-0

[Event "39. Torneo La Roda"]
[Site "La Roda ESP"]
[Date "2012.04.07"]
[Round "7.20"]
[White "Martinez Martin, David"]
[Black "Gil Quilez, David"]
[Result "1/2-1/2"]
[WhiteElo "2386"]
[BlackElo "2188"]
[PlyCount "141"]
[EventDate "2012.04.04"]
[EventType "swiss"]
[EventRounds "9"]
[EventCountry "ESP"]
[Source "lmi"]
[SourceDate "2012.04.04"]

1. Nf3 d5 2. d4 Nf6 3. c4 c6 4. Nc3 e6 5. Bg5 Nbd7 6. e3 Qa5 7. Nd2 Bb4 8. Qc2
O-O 9. Be2 e5 10. O-O exd4 11. Nb3 Qc7 12. exd4 dxc4 13. Bxc4 Bd6 14. h3 Bf4
15. Bxf4 Qxf4 16. Rfe1 Nb6 17. Bd3 Be6 18. Ne2 Bxb3 19. Qxb3 Qc7 20. Ng3 g6 21.
Qa3 Nbd5 22. Ne4 Nxe4 23. Bxe4 Qb6 24. Bxd5 cxd5 25. Re7 Rae8 26. Rae1 Rxe7 27.
Rxe7 Qxd4 28. Rxb7 Rc8 29. Qf3 Rf8 30. g3 h5 31. h4 a6 32. Kg2 Qc4 33. b3 Qc6
34. Rb4 Qd6 35. Qf4 Qd7 36. Rb6 Ra8 37. Qd4 a5 38. a4 Qg4 39. Qxg4 hxg4 40. Kf1
Rc8 41. Rb5 Rc3 42. Rxa5 Rxb3 43. Rxd5 Ra3 44. a5 Ra4 45. Ke2 Ra3 46. Rc5 Kg7
47. Kd2 Rf3 48. Kc2 Rxf2+ 49. Kb3 Rf1 50. Rc4 Rb1+ 51. Ka2 Rb5 52. Ra4 f5 53.
a6 Rb8 54. Ka3 Kh6 55. Ra5 f4 56. gxf4 g3 57. Ka4 Rf8 58. a7 g2 59. Rg5 Ra8 60.
Rxg2 Rxa7+ 61. Kb3 Rf7 62. Kc3 Rxf4 63. Kd3 Rxh4 64. Ke3 g5 65. Kf3 Ra4 66. Rb2
Kh5 67. Kg2 Kh4 68. Rc2 Ra3 69. Rb2 g4 70. Rc2 Rg3+ 71. Kh2 1/2-1/2

[Event "39. Torneo La Roda"]
[Site "La Roda ESP"]
[Date "2012.04.08"]
[Round "8.2"]
[White "Fedorchuk, Sergey A"]
[Black "Zubarev, Alexander"]
[Result "1-0"]
[WhiteElo "2634"]
[BlackElo "2597"]
[PlyCount "141"]
[EventDate "2012.04.04"]
[EventType "swiss"]
[EventRounds "9"]
[EventCountry "ESP"]
[Source "lmi"]
[SourceDate "2012.04.04"]

1. e4 d6 2. d4 Nf6 3. Nc3 g6 4. Be3 c6 5. h3 Nbd7 6. Nf3 Qc7 7. Bd3 b5 8. Ne2
Bg7 9. O-O O-O 10. Ng3 a5 11. Qd2 b4 12. Bh6 c5 13. c3 e5 14. Rad1 a4 15. Bxg7
Kxg7 16. dxc5 dxc5 17. cxb4 cxb4 18. Qxb4 Ba6 19. Qa3 Rfb8 20. Rd2 Bxd3 21.
Qxd3 Rb4 22. Rfd1 Rab8 23. Rc2 Qb6 24. Rdd2 Rb7 25. a3 Rb3 26. Qc4 Qb5 27. Qc8
Rb8 28. Qc7 Qb7 29. Qc4 Qb5 30. Qxb5 R3xb5 31. Re2 R8b7 32. Nf1 Kf8 33. Ne1 Nc5
34. Nd2 Ke7 35. Nc4 Ke6 36. Nf3 Nb3 37. Ncxe5 Rc5 38. Rxc5 Nxc5 39. Nc4 Rd7 40.
Ng5+ Ke7 41. e5 Rd1+ 42. Kh2 Nd5 43. Nxh7 Rc1 44. Ne3 Nf4 45. Rc2 Rxc2 46. Nxc2
Nfd3 47. Nf6 Ke6 48. Ng4 Kd5 49. Nce3+ Kd4 50. Nd1 Kc4 51. Nge3+ Kb3 52. h4
Nxb2 53. Nxb2 Kxb2 54. Nc4+ Kb3 55. Nb6 Nd3 56. g4 Nxf2 57. Kg3 Nd3 58. Nd7
Kxa3 59. h5 gxh5 60. gxh5 Kb3 61. e6 fxe6 62. h6 a3 63. h7 a2 64. h8=Q e5 65.
Qb8+ Kc2 66. Qc7+ Kb1 67. Qb7+ Kc2 68. Qc6+ Kb3 69. Qb5+ Kc3 70. Qa5+ Kb3 71.
Nxe5 1-0

[Event "39. Torneo La Roda"]
[Site "La Roda ESP"]
[Date "2012.04.08"]
[Round "8.3"]
[White "Sanchez, Joseph"]
[Black "Bacallao Alonso, Yusnel"]
[Result "0-1"]
[WhiteElo "2526"]
[BlackElo "2550"]
[PlyCount "70"]
[EventDate "2012.04.04"]
[EventType "swiss"]
[EventRounds "9"]
[EventCountry "ESP"]
[Source "lmi"]
[SourceDate "2012.04.04"]

1. e4 c5 2. Nf3 d6 3. d4 cxd4 4. Qxd4 h6 5. Bc4 Nc6 6. Qd3 Nf6 7. Nc3 Bg4 8.
Bf4 g5 9. Bg3 Bg7 10. h3 Bh5 11. e5 dxe5 12. Qxd8+ Rxd8 13. Nxe5 Nxe5 14. Bxe5
Bg6 15. Bb3 O-O 16. O-O Nd7 17. Bxg7 Kxg7 18. Rfe1 e6 19. Nb5 Nc5 20. Rad1 a5
21. Nd4 Kf6 22. c3 Rd6 23. Bc2 Rfd8 24. Bxg6 Kxg6 25. Rb1 Rd5 26. Nf3 Nd3 27.
Re3 Nf4 28. b4 Rd1+ 29. Rxd1 Rxd1+ 30. Kh2 Nd5 31. Re4 a4 32. b5 Rf1 33. Ne5+
Kf5 34. f3 Nxc3 35. Re3 Nd5 0-1

[Event "39. Torneo La Roda"]
[Site "La Roda ESP"]
[Date "2012.04.08"]
[Round "8.4"]
[White "Salgado Lopez, Ivan"]
[Black "Khamrakulov, Ibragim S"]
[Result "1-0"]
[WhiteElo "2621"]
[BlackElo "2519"]
[PlyCount "75"]
[EventDate "2012.04.04"]
[EventType "swiss"]
[EventRounds "9"]
[EventCountry "ESP"]
[Source "lmi"]
[SourceDate "2012.04.04"]

1. e4 c5 2. Nf3 e6 3. d4 cxd4 4. Nxd4 Qc7 5. Nb5 Qc6 6. N1c3 a6 7. Nd4 Qc7 8.
Be2 Nc6 9. O-O Nf6 10. Be3 Ne5 11. f4 Nc4 12. Bxc4 Qxc4 13. Qf3 Bb4 14. e5 Bxc3
15. bxc3 Nd5 16. Bd2 g6 17. Qd3 Qc5 18. Kh1 b6 19. c4 Nb4 20. Qe4 Rb8 21. Rab1
Nc6 22. Nxc6 Qxc6 23. Qxc6 dxc6 24. c5 b5 25. Rfd1 Rb7 26. Bc3 Rg8 27. Rd6 Bd7
28. Bd2 Ke7 29. a3 Ra8 30. Ba5 Rg8 31. Rb3 g5 32. Rg3 g4 33. Rgd3 h5 34. Be1
Ra8 35. Bh4+ Ke8 36. h3 a5 37. hxg4 hxg4 38. Bf6 1-0

[Event "39. Torneo La Roda"]
[Site "La Roda ESP"]
[Date "2012.04.08"]
[Round "8.7"]
[White "Koziak, Vitali"]
[Black "Sande Edreira, Jose Antonio"]
[Result "1-0"]
[WhiteElo "2511"]
[BlackElo "2343"]
[PlyCount "63"]
[EventDate "2012.04.04"]
[EventType "swiss"]
[EventRounds "9"]
[EventCountry "ESP"]
[Source "lmi"]
[SourceDate "2012.04.04"]

1. d4 g6 2. c4 Bg7 3. e4 d6 4. Nc3 Nf6 5. Nf3 O-O 6. Be2 c5 7. d5 e6 8. dxe6
Bxe6 9. O-O Nc6 10. Bf4 Bg4 11. Bxd6 Re8 12. h3 Bxf3 13. Bxf3 Qa5 14. Qb3 Rad8
15. e5 Nxe5 16. Bxe5 Rxe5 17. Qxb7 Qb4 18. Rad1 Ree8 19. Qxb4 cxb4 20. Na4 Kf8
21. c5 Rxd1 22. Rxd1 Re7 23. Rd8+ Ne8 24. g3 Be5 25. Bc6 f5 26. Ra8 f4 27. gxf4
Bd4 28. Kf1 a6 29. Nb6 Kf7 30. Nd5 Re6 31. Bd7 Re4 32. f3 1-0

[Event "39. Torneo La Roda"]
[Site "La Roda ESP"]
[Date "2012.04.08"]
[Round "8.8"]
[White "Movsziszian, Karen"]
[Black "Ramiro Ovejero, Juan Luis"]
[Result "1-0"]
[WhiteElo "2483"]
[BlackElo "2323"]
[PlyCount "67"]
[EventDate "2012.04.04"]
[EventType "swiss"]
[EventRounds "9"]
[EventCountry "ESP"]
[Source "lmi"]
[SourceDate "2012.04.04"]

1. g3 e5 2. Bg2 d5 3. d3 Nf6 4. Nf3 Nc6 5. O-O a5 6. c3 a4 7. Nbd2 Be7 8. Rb1
O-O 9. b4 axb3 10. axb3 e4 11. Ne1 exd3 12. Nxd3 Bf5 13. Bb2 Ne4 14. Nf3 Bf6
15. Qc1 Ra2 16. c4 d4 17. Qf4 Bg6 18. Ra1 Rxa1 19. Rxa1 Re8 20. Bf1 Ng5 21. h4
Nxf3+ 22. Qxf3 Be4 23. Qg4 b6 24. Bc1 Qc8 25. Qxc8 Rxc8 26. Bf4 g6 27. Bh3 Bf5
28. Bxf5 gxf5 29. b4 Be7 30. b5 Na5 31. c5 f6 32. cxb6 cxb6 33. Rxa5 bxa5 34.
b6 1-0

[Event "39. Torneo La Roda"]
[Site "La Roda ESP"]
[Date "2012.04.08"]
[Round "8.10"]
[White "Plaskett, H James"]
[Black "Valmana Canto, Jaime"]
[Result "1-0"]
[WhiteElo "2480"]
[BlackElo "2314"]
[PlyCount "87"]
[EventDate "2012.04.04"]
[EventType "swiss"]
[EventRounds "9"]
[EventCountry "ESP"]
[Source "lmi"]
[SourceDate "2012.04.04"]

1. e4 c5 2. Nf3 e6 3. Nc3 Nc6 4. Bb5 Nd4 5. O-O a6 6. Bd3 Nxf3+ 7. Qxf3 d6 8.
Qg3 h5 9. f4 h4 10. Qf3 b5 11. b3 Qb6 12. Kh1 Nf6 13. f5 e5 14. a4 b4 15. Nd5
Nxd5 16. exd5 Be7 17. Qg4 Bf6 18. Be4 a5 19. d3 Qd8 20. Be3 Qe7 21. Rf3 Bd7 22.
Rh3 O-O-O 23. Qe2 Kc7 24. c3 bxc3 25. Qe1 Rb8 26. Qxc3 Rb4 27. Bd2 Bg5 28. Be1
Rhb8 29. Qc2 Rxb3 30. Bxa5+ Kc8 31. Be1 Bxa4 32. Qc4 Bd7 33. d4 Rxh3 34. dxc5
Bb5 35. Qc2 dxc5 36. gxh3 Be3 37. Bf2 Bd4 38. Bxd4 exd4 39. Rc1 Kd8 40. f6 gxf6
41. Bf5 c4 42. Qd2 Qe5 43. Qa5+ Ke8 44. Re1 1-0

[Event "39. Torneo La Roda"]
[Site "La Roda ESP"]
[Date "2012.04.08"]
[Round "8.11"]
[White "Anton Guijarro, David"]
[Black "Moreno Tejera, Emilio"]
[Result "1-0"]
[WhiteElo "2476"]
[BlackElo "2313"]
[PlyCount "86"]
[EventDate "2012.04.04"]
[EventType "swiss"]
[EventRounds "9"]
[EventCountry "ESP"]
[Source "lmi"]
[SourceDate "2012.04.04"]

1. Nf3 Nf6 2. c4 g6 3. d4 Bg7 4. Nc3 d6 5. e4 O-O 6. h3 e5 7. d5 a5 8. g4 Na6
9. Be3 Nc5 10. Nd2 Ne8 11. Qc2 f5 12. gxf5 gxf5 13. O-O-O Na6 14. exf5 Nb4 15.
Qb1 c6 16. Bg2 cxd5 17. cxd5 e4 18. Bxe4 Kh8 19. Rhg1 Bf6 20. Nf3 Ng7 21. Nd4
Qc7 22. a3 Bd7 23. Kd2 Rfe8 24. axb4 axb4 25. Ncb5 Qa5 26. Bd3 Re5 27. Nxd6 b3+
28. Ke2 Qxd5 29. Ne4 Ra2 30. Rd2 Bd8 31. f6 Nh5 32. Nf3 Rf5 33. Rg5 Ra5 34. Qg1
Nxf6 35. Rxf5 Bxf5 36. Nxf6 Bxf6 37. Qg3 Be6 38. Qb8+ Bg8 39. Qf4 Bg7 40. Bd4
Qe6+ 41. Qe3 Qxh3 42. Bxg7+ Kxg7 43. Qd4+ Kh6 1-0

[Event "39. Torneo La Roda"]
[Site "La Roda ESP"]
[Date "2012.04.08"]
[Round "8.12"]
[White "Bermejo Martinez, Jorge"]
[Black "Lalic, Bogdan"]
[Result "1/2-1/2"]
[WhiteElo "2267"]
[BlackElo "2469"]
[PlyCount "28"]
[EventDate "2012.04.04"]
[EventType "swiss"]
[EventRounds "9"]
[EventCountry "ESP"]
[Source "lmi"]
[SourceDate "2012.04.04"]

1. d4 Nf6 2. c4 e6 3. g3 d5 4. Bg2 dxc4 5. Qa4+ c6 6. Qxc4 Nbd7 7. Nf3 Bd6 8.
O-O O-O 9. Nc3 e5 10. Rd1 Qe7 11. Bg5 h6 12. Bxf6 Nxf6 13. dxe5 Bxe5 14. Nxe5
Qxe5 1/2-1/2

[Event "39. Torneo La Roda"]
[Site "La Roda ESP"]
[Date "2012.04.08"]
[Round "8.15"]
[White "Granero Roca, Antonio"]
[Black "Garcia Ramos, Marcos"]
[Result "1-0"]
[WhiteElo "2432"]
[BlackElo "2163"]
[PlyCount "67"]
[EventDate "2012.04.04"]
[EventType "swiss"]
[EventRounds "9"]
[EventCountry "ESP"]
[Source "lmi"]
[SourceDate "2012.04.04"]

1. d4 Nf6 2. c4 e6 3. Nf3 Bb4+ 4. Nbd2 b6 5. g3 Bb7 6. Bg2 O-O 7. O-O d5 8. Qa4
Be7 9. Ne5 Qc8 10. cxd5 exd5 11. Ndf3 c5 12. Bf4 c4 13. b3 cxb3 14. Qxb3 Nc6
15. Nxc6 Bxc6 16. Ne5 Qe6 17. Nxc6 Qxc6 18. Bg5 Rad8 19. Rac1 Qd7 20. Bxf6 Bxf6
21. e3 Qb7 22. Rc5 Rc8 23. Bxd5 Qd7 24. Rxc8 Rxc8 25. Rd1 b5 26. e4 a5 27. e5
a4 28. Qf3 Bd8 29. Re1 Qe7 30. Re4 Bb6 31. Rf4 Rf8 32. Kg2 b4 33. h4 Kh8 34.
Qd3 1-0

[Event "39. Torneo La Roda"]
[Site "La Roda ESP"]
[Date "2012.04.08"]
[Round "8.16"]
[White "Rioboo De Larriva, Alvaro"]
[Black "Garza Marco, Sergio"]
[Result "1-0"]
[WhiteElo "2258"]
[BlackElo "2404"]
[PlyCount "37"]
[EventDate "2012.04.04"]
[EventType "swiss"]
[EventRounds "9"]
[EventCountry "ESP"]
[Source "lmi"]
[SourceDate "2012.04.04"]

1. e4 d6 2. d4 Nf6 3. Nc3 g6 4. Be3 c6 5. Qd2 Qa5 6. Bd3 Bg7 7. Bh6 O-O 8. h4
Nbd7 9. h5 b5 10. hxg6 fxg6 11. Bxg7 Kxg7 12. Qh6+ Kg8 13. e5 dxe5 14. Bxg6
exd4 15. Bxh7+ Kf7 16. Bg6+ Ke6 17. O-O-O c5 18. Qf4 Rg8 19. Re1+ 1-0

[Event "39. Torneo La Roda"]
[Site "La Roda ESP"]
[Date "2012.04.08"]
[Round "8.17"]
[White "Fernandez Lledo, Javier"]
[Black "Pardo Simon, David"]
[Result "0-1"]
[WhiteElo "2166"]
[BlackElo "2402"]
[PlyCount "50"]
[EventDate "2012.04.04"]
[EventType "swiss"]
[EventRounds "9"]
[EventCountry "ESP"]
[Source "lmi"]
[SourceDate "2012.04.04"]

1. Nf3 Nf6 2. c4 e6 3. b3 b6 4. Bb2 Bb7 5. e3 d5 6. Be2 Bd6 7. O-O O-O 8. d3
Nbd7 9. Nbd2 Qe7 10. Rc1 c5 11. cxd5 exd5 12. d4 Rac8 13. Bd3 Ne4 14. Qe2 Ndf6
15. Rfd1 Ng4 16. Rf1 c4 17. Bxe4 dxe4 18. Ne5 c3 19. Rxc3 Nxe5 20. Rxc8 Nf3+
21. Nxf3 exf3 22. Rxf8+ Kxf8 23. Qb5 fxg2 24. Qh5 gxf1=Q+ 25. Kxf1 Qe4 0-1

[Event "39. Torneo La Roda"]
[Site "La Roda ESP"]
[Date "2012.04.08"]
[Round "8.18"]
[White "Navarrete Espi, Samuel"]
[Black "Antoli Royo, Joaquin Miguel"]
[Result "0-1"]
[WhiteElo "2129"]
[BlackElo "2414"]
[PlyCount "66"]
[EventDate "2012.04.04"]
[EventType "swiss"]
[EventRounds "9"]
[EventCountry "ESP"]
[Source "lmi"]
[SourceDate "2012.04.04"]

1. e4 c5 2. Nf3 Nc6 3. d4 cxd4 4. Nxd4 Nf6 5. Nc3 d6 6. Be3 e5 7. Nb3 Be7 8. f3
Be6 9. Nd5 Bxd5 10. exd5 Nb8 11. Qd2 O-O 12. O-O-O Nbd7 13. Kb1 a5 14. a4 Nb6
15. Bxb6 Qxb6 16. Bb5 Ne8 17. f4 Bf6 18. g4 exf4 19. Qxf4 Nc7 20. Bd3 Be5 21.
Qe4 g6 22. h4 Qb4 23. Qg2 b5 24. h5 bxa4 25. hxg6 fxg6 26. Qh3 Rf7 27. Rde1
axb3 28. Rxe5 bxc2+ 29. Bxc2 Rb8 30. b3 dxe5 31. Bxg6 Qxb3+ 32. Qxb3 Rxb3+ 33.
Kc2 hxg6 0-1

[Event "39. Torneo La Roda"]
[Site "La Roda ESP"]
[Date "2012.04.08"]
[Round "8.20"]
[White "Del Rey, Diego"]
[Black "Lanza, Luciano"]
[Result "1-0"]
[WhiteElo "2372"]
[BlackElo "2184"]
[PlyCount "77"]
[EventDate "2012.04.04"]
[EventType "swiss"]
[EventRounds "9"]
[EventCountry "ESP"]
[Source "lmi"]
[SourceDate "2012.04.04"]

1. d4 Nf6 2. Nf3 g6 3. c4 Bg7 4. Nc3 O-O 5. Bg5 d6 6. e3 c6 7. Be2 Nbd7 8. Qc2
Qa5 9. O-O e5 10. Bh4 Re8 11. Rab1 exd4 12. Nxd4 Qc7 13. Rbd1 Ne5 14. h3 a6 15.
f4 Ned7 16. e4 Nc5 17. Bf3 Nfd7 18. Nde2 b5 19. b4 Na4 20. Nxa4 bxa4 21. Qxa4
Bb7 22. Qa5 Qxa5 23. bxa5 Nc5 24. Rb1 Rab8 25. Bf2 Ba8 26. e5 Bf8 27. Bxc5 dxc5
28. Rb6 Rxb6 29. axb6 Rd8 30. Nc3 Rd4 31. Be2 Be7 32. g3 Kf8 33. Kf2 Bb7 34.
Ke3 Rd8 35. Ne4 Bc8 36. g4 Bd7 37. f5 gxf5 38. gxf5 Rb8 39. e6 1-0